Rough notes taken during some rapid journeys across the Pampas and among the Andes.

שמור ב:
מידע ביבליוגרפי
מחבר ראשי: Head, Francis B.
פורמט: ספר
שפה:אנגלית
יצא לאור: London, England, United Kingdom John Murray 1846
מהדורה:Cuarta edición.
נושאים:
תגים: הוספת תג
אין תגיות, היה/י הראשונ/ה לתייג את הרשומה!

MARC

LEADER 00000nam a2200000 a 4500
001 UCJ4369
003 CL-VaPUC
005 20250227100119.0
008 070124e18460000UK |||||||||||||||||eng|d
999 |c 320485  |d 320483 
040 |c Pontificia Universidad Católica de Valparaíso 
082 0 4 |a 910.4 HEA 1846  |2 21 
100 0 |a Head, Francis B.  |9 507900 
245 1 0 |a Rough notes taken during some rapid journeys across the Pampas and among the Andes. 
250 |a Cuarta edición. 
260 0 3 |a London, England, United Kingdom  |b John Murray  |c 1846 
300 |a 166 páginas. 
500 |a Empastado junto a otra obra relativa a viajeros en un volumen rotulado Head's notes of the Pampas; Edwards' voyage of the Amazon; ubicación 910.4 HEA 
583 |a last modification  |c 20070124 00:00:00  |k Rodrigo Vera 
650 0 |a Viajes  |9 257115 
650 0 |a Geografía  |9 259346 
650 0 |a Aborígenes  |9 329972 
650 7 |a GAUCHOS  |2 CL-VaPUC  |9 317962 
650 0 |a Recursos naturales  |9 255232 
650 7 |a FLORA Y FAUNA  |2 CL-VaPUC  |9 264745 
650 0 |a Arquitectura  |9 804558 
651 0 |a Santiago  |z CHILE  |9 265444 
651 7 |a BUENOS AIRES  |2 CL-VaPUC  |9 255286  |z ARGENTINA 
651 7 |a MENDOZA  |2 CL-VaPUC  |9 507903  |z ARGENTINA 
651 7 |a SAN LUIS  |2 CL-VaPUC  |9 505603  |z ARGENTINA 
651 0 |a Valparaíso, Chile  |z CHILE  |9 261144 
942 |c BK  |2 ddc 
945 |d 20070124 00:00:00  |a rinostro 
952 |0 0  |1 0  |2 ddc  |4 0  |6 910_400000000000000_HEA_1846  |7 0  |8 X  |9 399014  |a FDOBUD  |b FDOBUD  |d 2019-11-22  |i 1017306  |o 910.4 HEA 1846  |p 1017306  |r 2019-11-22  |t 1  |w 2019-11-22  |y BK_X  |k BUD